000 00291nam a22001337a 4500
008 181205b xxu||||| |||| 00| 0 eng d
020 _a9780781770767
041 _aeng
080 _25 TH
_a618
100 _a8
101 _aKIR
245 _aSurgical Recall
_cLorne.H.B
942 _2udc
_cBK
999 _c52877
_d52877